LEADER 01109nam0-22003371i-450- 001 990002902530403321 010 $a1-901615-28-6 035 $a000290253 035 $aFED01000290253 035 $a(Aleph)000290253FED01 035 $a000290253 100 $a20000920d1998----km-y0itay50------ba 101 0 $aENG 200 1 $aInvestment policy for defined contribution pension scheme members close to retirement$fPhilip Booth and Yakoub Yakoubov 210 $aLondon$cCity University$d1998 215 $a41 p.$d29 cm 225 1 $aActuarial research paper$fDepartment of Actuarial Science and Statistics / City University London$v110 610 0 $aMatematica attuariale 610 0 $aFondi pensione 610 0 $aAssicurazioni 676 $a368.4 700 1$aBooth,$bPhilip$032987 702 1$aYakoubov,$bYakoub 801 0$aIT$bUNINA$gRICA$2UNIMARC 901 $aBK 912 $a990002902530403321 952 $aMVI-B-22$b7110$fMAS 959 $aMAS 996 $aInvestment policy for defined contribution pension scheme members close to retirement$9466462 997 $aUNINA DB $aING01